3 đêm trước giao thừa

সংরক্ষণ করুন:
গ্রন্থ-পঞ্জীর বিবরন
প্রধান লেখক: Murakami, Ryu
বিন্যাস: গ্রন্থ
ভাষা:Undetermined
প্রকাশিত: Hà Nội Văn học 2009
বিষয়গুলি:
ট্যাগগুলো: ট্যাগ যুক্ত করুন
কোনো ট্যাগ নেই, প্রথমজন হিসাবে ট্যাগ করুন!
Thư viện lưu trữ: Trung tâm Học liệu Trường Đại học Cần Thơ
LEADER 00590nam a2200193Ia 4500
001 CTU_153838
008 210402s9999 xx 000 0 und d
020 |c 52000 
082 |a 895.635 
082 |b M972 
100 |a Murakami, Ryu 
245 0 |a 3 đêm trước giao thừa 
245 0 |c Ryu Murakami; Song Tâm Quyên dịch 
260 |a Hà Nội 
260 |b Văn học 
260 |c 2009 
650 |a Japan literature,Japanese fiction (Vietnamese),Tiểu thuyết Nhật Bản 
904 |i Nguyên 
980 |a Trung tâm Học liệu Trường Đại học Cần Thơ